000 00488nam a2200181 a 4500
001 14203
003 CO-ViMGA
008 141112s2004 ck r 000 u spa d
020 _a8478806784
040 _aCO-ViMGA
_bspa
_cCO-ViMGA
082 0 4 _a925.1 S217g
100 1 _aSharratt, Michael
_920770
245 1 0 _aGalileo el desafio de la verdad
260 _aMadrid :
_bTemas de hoy,
_c1996
300 _a335
650 1 4 _aGALILEO, GALILEI(1564 - 1642) - BIOGRAFIA
_920771
942 _2ddc
_cBK
999 _c24902
_d24902